000 00341nam a2200121Ia 4500
008 220204s9999 xx 000 0 und d
082 _a632.951
_bKUH;1
100 _aDOROUGH, H Wyman
245 0 _aCarbamate insecticides: Chemistry, biochemistry and toxicology.
260 _aOhio
_bCRC Press
_c1976
700 _aKUHR, Ronald J
942 _cBK
999 _c31268
_d31268